Riconosci la Squadra di calcio - Quiz n°128 - Statistics

Statistiche generali
  • Questo quiz è stato fatto 4 volte
  • Il punteggio medio è 10 su 12
Statistiche sulle risposte
Indizio Risposta % Corretto
Titoli nazionali 1 campionato di Seconda Divisione 1 Scudetto Serie D
100%
Trofei nazionali 4 Coppe Italia Serie C/Lega Pro
100%
Simboli Corona ferrea, spada viscontea
100%
Divisione nazionale 2023-2024 Prima
100%
Colori sociali Rosso, bianco
100%
Confederazione UEFA
100%
Capienza Stadio 17 102 posti
75%
Fondazione 1912
75%
Trofei internazionali 1 Coppa Anglo-Italiana Semiprofessionisti
75%
Rifondazione 2004
75%
Rifondazione 2015
75%
Squadra Monza
50%
Nessun quiz corrispondente trovato
Distribuzione punteggi
Percentuale di utenti per punteggio
Percentile per numero di risposta
I tuoi punteggi nel tempo
Non hai fatto questo quiz